Sports Quiz

Random Sports or NBA Quiz

Indiana Pacers All-Time by First Name Quiz Stats

 Plays Quiz not verified by Sporcle

Score 0/100 Timer 12:00
0 Plays Today
Name Player % Correct
BradMiller
96.3%
ReggieMiller
96.3%
SolomonHill
94%
GeorgeMcGinnis
93.3%
AntonioDavis
89.6%
DaleDavis
89.6%
JohnnyDavis
89.6%
FredJones
89.3%
JarrettJack
89.3%
JamesEdwards
89%
DahntayJones
88.6%
WilJones
88.6%
JermaineO'Neal
88%
JalenRose
86%
MontaEllis
85.4%
MarkJackson
84.3%
RikSmits
84.3%
StephenJackson
84.3%
C.J.Watson
81.6%
PaulGeorge
81.3%
HerbWilliams
80.9%
KennyWilliams
80.9%
MichealWilliams
80.9%
ShawneWilliams
80.9%
LavoyAllen
80.4%
DetlefSchrempf
80.3%
MylesTurner
79%
EddieGill
78.6%
AnthonyJohnson
77.9%
ClemonJohnson
77.9%
MickeyJohnson
77.9%
OrlandoJohnson
77.9%
MarquisDaniels
76.6%
LanceStephenson
74.9%
Name Player % Correct
ByronScott
74.6%
RoyHibbert
73.9%
RonArtest
72.9%
AlHarrington
71.9%
DannyGranger
71.2%
ClintRichardson
68.9%
LuisScola
68.9%
PoohRichardson
68.9%
ChuckPerson
66.2%
JamaalTinsley
63.2%
T.J.Ford
62.2%
DavidWest
61.9%
LaSalleThompson
60.5%
JeffFoster
59.5%
WaymanTisdale
59.5%
DarrenCollison
59.2%
GlennRobinson
58%
TroyMurphy
57.5%
AustinCroshere
55.5%
RodneyStuckey
55.4%
SamMitchell
54.2%
SteveStipanovich
51.2%
ChrisMullin
49.2%
VernFleming
49.2%
IanMahinmi
48.8%
HaywoodeWorkman
48.5%
TravisBest
48.2%
ClarkKellogg
47.8%
TylerHansbrough
47.2%
TonyBrown
46.8%
JonathanBender
46.2%
BrandonRush
45.5%
BillyKnight
44.1%
MikeBantom
44.1%
Name Player % Correct
A.J.Price
43.8%
ScotPollard
43.5%
DerrickMcKey
40.8%
DarrellArmstrong
34.1%
MalikSealy
33.8%
RickySobers
32.8%
DonaldSloan
32.4%
JimThomas
29.4%
AlexEnglish
27.4%
ButchCarter
24.4%
GranvilleWaiters
23.4%
JoshMcRoberts
21.4%
ScottSkiles
21.1%
SarunasJasikevicius
19.7%
LenElmore
19.4%
DonBuse
18.4%
DudleyBradley
17.7%
RandyWittman
17.7%
JohnLong
16.4%
BillGarnett
15.4%
TomOwens
15.4%
DuaneFerrell
14.7%
StuartGray
14%
LouisOrr
13%
TerenceStansbury
11.7%
CorkyCalhoun
11.4%
GregDreiling
11.4%
JerrySichting
9%
DanRoundfield
8.4%
DaveRobisch
4%
MelBennett
3.3%
MartyByrnes
2%

You're not logged in!

Compare scores with friends on all Sporcle quizzes.
OR
Log In

Show Comments

Extras

Top Quizzes Today


Score Distribution

Your Account Isn't Verified!

In order to create a playlist on Sporcle, you need to verify the email address you used during registration. Go to your Sporcle Settings to finish the process.

Report this User

Report this user for behavior that violates our Community Guidelines.

Details: